Central Library OPAC University of Rajshahi

Financial management : (Record no. 60458)

MARC details
000 -LEADER
fixed length control field 01082nam a2200301 a 4500
001 - CONTROL NUMBER
control field 60458
003 - CONTROL NUMBER IDENTIFIER
rucl marc code BD-RjUL
005 - DATE AND TIME OF LATEST TRANSACTION
control field 20211209080839.0
008 - FIXED-LENGTH DATA ELEMENTS--GENERAL INFORMATION
fixed length control field 170101s1999 txua b 001 0 eng
020 ## - INTERNATIONAL STANDARD BOOK NUMBER
International Standard Book Number 9814066486
035 ## - SYSTEM CONTROL NUMBER
System control number (BD-RjUL)60582
040 ## - CATALOGING SOURCE
Original cataloging agency DLC
Transcribing agency DLC
Modifying agency DLC
-- (BD-RjUL)
Language of cataloging eng
041 ## - LANGUAGE CODE
Language code of text/sound track or separate title eng
082 00 - DEWEY DECIMAL CLASSIFICATION NUMBER
Classification number 658.15
Edition number 23
Author mark and year BRF 2001
100 1# - MAIN ENTRY--PERSONAL NAME
Personal name Brigham, Eugene F.
Dates associated with a name 1930-
9 (RLIN) 179923
245 10 - TITLE STATEMENT
Title Financial management :
Remainder of title theory and practice /
Statement of responsibility, etc. Eugene F. Brigham, Louis C. Gapenski, Michael C. Ehrhardt.
250 ## - EDITION STATEMENT
Edition statement 9th ed., Indian Reprint ed.
260 ## - PUBLICATION, DISTRIBUTION, ETC. (IMPRINT)
Place of publication, distribution, etc. Delhi :
Name of publisher, distributor, etc. HarcourtbAsia Pte. Ltd.,
Date of publication, distribution, etc. c1999 [Printed 2001]
300 ## - PHYSICAL DESCRIPTION
Pagination xxiv, 1087, 82 p. :
Illustrations ill. ;
Size 27 cm.
504 ## - BIBLIOGRAPHY, ETC. NOTE
Bibliography, etc Includes bibliographical references and index.
650 #0 - SUBJECT ADDED ENTRY--TOPICAL TERM
Topical term or geographic name as entry element Corporations
General subdivision Finance.
9 (RLIN) 175109
700 1# - ADDED ENTRY--PERSONAL NAME
Personal name Gapenski, Louis C., jt. auth.
Personal name Ehrhardt, Michael C., jt. auth.
Dates associated with a name 1955-
830 ## - SERIES ADDED ENTRY--UNIFORM TITLE
Uniform title The Dryden Press series in finance
942 ## - ADDED ENTRY ELEMENTS (KOHA)
Source of classification or shelving scheme Dewey Decimal Classification
Koha item type Books
Holdings
Lost status Source of classification or shelving scheme Damaged status Not for loan Collection code Permanent Location Current Location Shelving location Date acquired Source of acquisition Cost, normal purchase price Total Checkouts Full call number Date last seen Copy number Koha item type
  Dewey Decimal Classification   Not For Loan Non-fiction Central Library, University of Rajshahi Central Library, University of Rajshahi Reading Room 06/10/2005 Paragon Enterprises Dhaka 450.00   658.15 BRF 2001 01/01/2017 C-1 Books